000 00476cam a2200193ua 4500
001 8728
008 150213n ii |||gr||||Z||||||asm
020 _a9789381784372
040 _cMAIN
041 _aasm
082 _a891.451
100 _aNath, D.,
_eAuthor.
245 1 _aAsomiya sahityar rup-baichitra
_cBy Dipen Nath
250 _a1st.
260 _aJorhat:
_bBidyabhawan,
_c2013.
300 _a252p.
653 _aEast Indo-European & Celtic literatures
942 _cBK
999 _c7825
_d7825